| 000 | 004910000a22001090004500 | ||
|---|---|---|---|
| 245 | 1 | 0 | _aCiencia, tecnología e innovación: sociedad con futuro |
| 300 | _aVol.0, núm.10 ( Febrero/Abril 2008), Páginas 1,3-5 | ||
| 520 | _aRumbo a la transformación productiva y social, Integración y conocimiento, Plan Nacional de Desarrollo: Acciones propuestas por áreas de investigación | ||
| 650 | 1 | 4 | _aEDUCACIÓN SUPERIOR-COLOMBIA |
| 773 | 0 | _tEducación superior : Boletín informativo | |
| 942 | _cANA | ||
| 999 |
_c62606 _d62606 |
||